00559nam a22001817a 4500003001000000005001700010008004100027040001400068041000700082100003900089245009300128260003100221300001100252500005700263501003500320650001300355654000900368IT-MiCISF20181115161816.0181115b ||||| |||| 00| 0 eng d cIT-MiCISF ait aCerisola Vignale Marilena (et al.) aQuale famiglia per il terzo millennio?bAtti del &° Convegno di studi, 30 novembre 2002 aImperiabPro familiac2002 app. 43 afamiglia, società, massmedia, cambiamenti-famiglia aD'Alatri A., Rossi Sciumé G. afamiglia aatti